| 000 | 01644cam a22003734i 4500 | ||
|---|---|---|---|
| 001 | 16500714 | ||
| 003 | OSt | ||
| 005 | 20180116192408.0 | ||
| 008 | 101014t20112011maua | b 001 0 eng | ||
| 010 | _a 2010043542 | ||
| 020 | _a9781405154017 (hardcover : alk. paper) | ||
| 020 | _a1405154012 (hardcover : alk. paper) | ||
| 020 | _a9781405154024 (pbk. : alk. paper) | ||
| 020 | _a1405154020 (pbk. : alk. paper) | ||
| 035 | _a(OCoLC)ocn670324882 | ||
| 040 |
_aDLC _cDLC _erda _dYDX _dERASA _dYDXCP _dYBM _dCDX _dBWX _dDLC |
||
| 042 | _apcc | ||
| 043 |
_af------ _aa------ |
||
| 050 | 0 | 0 |
_aN6260 _b.I823 2011 |
| 082 | 0 | 0 |
_a709.1767 ISL 2011 _222 |
| 245 | 0 | 0 |
_aIslamic Art and Visual Culture : _bAn Anthology of Sources / _cEdited by D. Fairchild Ruggles. |
| 260 |
_aMalden, MA : _bWiley-Blackwell, _cc2011. |
||
| 300 |
_aix, 186 pages : _billustrations ; _c26 cm |
||
| 500 | _a"This edition first published 2011." | ||
| 504 | _aIncludes bibliographical references and index. | ||
| 505 | 0 | _aFoundations: religious, political, Juridical, and administrative documents from early Islam and place in transition -- Behavior, gifts, treasuries, and collections -- Art -- Space: architecture and urbanism -- Places. | |
| 650 | 0 |
_aIslamic art and symbolism _xHistory _vSources. _91086 |
|
| 650 | 0 |
_aArt and society _zIslamic countries _xHistory _vSources. _91087 |
|
| 700 | 1 |
_aRuggles, D. Fairchild. _91088 |
|
| 906 |
_a7 _bcbc _corignew _d1 _eecip _f20 _gy-gencatlg |
||
| 942 |
_2ddc _cBK |
||
| 999 |
_c353468 _d353468 |
||